| 000 | 00499nam a22001697a 4500 | ||
|---|---|---|---|
| 999 |
_c41123 _d41123 |
||
| 003 | OSt | ||
| 005 | 20210329105415.0 | ||
| 008 | 210329b ||||| |||| 00| 0 eng d | ||
| 020 | _a9788172450182 | ||
| 040 | _coclc | ||
| 082 |
_a428.2 _bBRA/C |
||
| 100 |
_98542 _aBraganza, Michael |
||
| 245 |
_aCommon Errors In English / _cMichael Braganza |
||
| 260 |
_aNew Delhi: _bGoodwill Publishing House, _c2000. |
||
| 300 | _a239p | ||
| 942 |
_2ddc _cBK _h428.2 _iBRA/C _k428.2 _mBRA/C |
||